Fakten über deutsche Bundesländer - Statistiken

Allgemein
  • Dieses Quiz wurde 127 mal gespielt
  • Das Durchschnittsergebnis liegt bei 12 aus 16
Antwortstatistiken
Hint Antwort % Korrekt
Es ist das kleinste Bundesland wessen Name keine
deutsche Stadt ist
Saarland
97%
Die größte deutsche Stadt mit dem Anfangsbuchstaben
S befindet sich hier
Baden Würtemberg
90%
Markus Söder ist hier Ministerpräsident Bayern
90%
Ein Esel, eine Katze, ein Hund und ein Hahn sind hier Musiker Bremen
86%
Hier kann man die Reeperbahn finden Hamburg
86%
Dieses Bundesland umschließt Dautschlands Hauptstadt
Brandenburg
85%
Erfurt ist hier die Hauptstadt Thüringen
85%
Hier befindet sich der größte Flughafen Deutschlands Hessen
83%
Hier befindet sich eine Stadt die es laut einigen Internetmemes
gar nicht gibt
Nordrhein Westphalen
79%
Sylt liegt in diesem Bundesland Schleswig Holstein
79%
Von allen Bundesländern die "Sachsen" im Namen haben, liegt
es am nördlichsten
Niedersachsen
78%
Der größte Teil des Hunsrückes befindet sich hier
Rheinland Pfalz
63%
Die Linke gewann dieses Bundesland bei der Bundestagswahl
2025
Berlin
57%
Der Brocken befindet sich hier Sachsen Anhalt
55%
Dieses Bundesland grenzt an Tschechien und Polen Sachsen
53%
Der flächenmäßig größte Landkreis Deutschlands
befindet sich hier
Mecklenburg Vorpommern
48%
Keine übereinstimmenden Quizze gefunden
Verteilung der Resultate
Anzahl Personen mit jedem Resultat
Perzentil nach korrekt beantworteten Fragen
Ihre Resultats-Entwicklung
Sie haben dieses Quiz noch nicht gespielt